Impact of Honeybee (Apis mellifera L.) Pollination on Quantitative and Qualitative Attributes in Toria (Brassica campestris var. Toria) (Record no. 49281)
[ view plain ]
| 000 -LEADER | |
|---|---|
| fixed length control field | 00581nam a22001937a 4500 |
| 003 - CONTROL NUMBER IDENTIFIER | |
| control field | OSt |
| 008 - FIXED-LENGTH DATA ELEMENTS--GENERAL INFORMATION | |
| fixed length control field | 251202b |||||||| |||| 00| 0 eng d |
| 082 ## - DEWEY DECIMAL CLASSIFICATION NUMBER | |
| Classification number | 638.1 |
| Item number | S48I |
| 100 ## - MAIN ENTRY--PERSONAL NAME | |
| Personal name | Singh, Beer Bahadur. |
| 245 ## - TITLE STATEMENT | |
| Title | Impact of Honeybee (Apis mellifera L.) Pollination on Quantitative and Qualitative Attributes in Toria (Brassica campestris var. Toria) |
| 260 ## - PUBLICATION, DISTRIBUTION, ETC. (IMPRINT) | |
| Place of publication, distribution, etc | .- Pusa, Samastipur |
| Name of publisher, distributor, etc | : RAU |
| Date of publication, distribution, etc | , 2007 |
| 300 ## - PHYSICAL DESCRIPTION | |
| Extent | 44p. |
| 650 ## - SUBJECT ADDED ENTRY--TOPICAL TERM | |
| Topical term or geographic name as entry element | Entomology and Agricultural Zoology |
| 650 ## - SUBJECT ADDED ENTRY--TOPICAL TERM | |
| Topical term or geographic name as entry element | Honeybee |
| 650 ## - SUBJECT ADDED ENTRY--TOPICAL TERM | |
| Topical term or geographic name as entry element | Toria |
| 650 ## - SUBJECT ADDED ENTRY--TOPICAL TERM | |
| Topical term or geographic name as entry element | Thesis |
| 650 ## - SUBJECT ADDED ENTRY--TOPICAL TERM | |
| Topical term or geographic name as entry element | M. Sc. |
| 942 ## - ADDED ENTRY ELEMENTS (KOHA) | |
| Source of classification or shelving scheme | |
| Koha item type | Thesis |
| Withdrawn status | Lost status | Source of classification or shelving scheme | Damaged status | Not for loan | Home library | Current library | Date acquired | Total Checkouts | Full call number | Barcode | Date last seen | Bill Date | Koha item type |
|---|---|---|---|---|---|---|---|---|---|---|---|---|---|
| Dr. Rajendra Prasad Central Agricultural University Pusa, | Dr. Rajendra Prasad Central Agricultural University Pusa, | 02/12/2025 | 638.1 S48I | 55657 | 02/12/2025 | 02/12/2025 | Thesis |